[Event "Komarom Esztergom County-chT"]
[Site "Hungary"]
[Date "2013.01.20"]
[Round "5.8"]
[White "Bohus, Adam"]
[Black "Geszler, Tamas"]
[Result "1-0"]
[WhiteElo "1750"]
[BlackElo "1764"]
[PlyCount "52"]
[EventDate "2012.09.29"]
[EventType "team-tourn"]
[EventRounds "10"]
[EventCountry "HUN"]
[SourceTitle "EXT 2014"]
[Source "ChessBase"]
[SourceDate "2013.11.20"]
[SourceVersion "1"]
[SourceVersionDate "2013.11.20"]
[SourceQuality "1"]
[WhiteTeam "Tata Naszaly"]
[BlackTeam "Almasfuezito"]
[WhiteTeamCountry "HUN"]
[BlackTeamCountry "HUN"]

1. d4 Nf6 2. c4 d6 3. Nc3 g6 4. e4 Bg7 5. f3 0-0 6. Be3 Re8 7. Qd2 Nc6 8. Nge2 Bd7 9. 0-0-0 a6 10. Kb1 e5 11. d5 Na7 12. Nc1 Qb8 13. g4 Bf8 14. h4 h5 15. Bg5 Nxg4 16. fxg4 Bxg4 17. Be2 Bxe2 18. Qxe2 Be7 19. Rhg1 Bxg5 20. Rxg5 Kf8 21. Rf1 Ke7 22. Qf2 Rf8 23. Qf6+ Kd7 24. Rxg6 Qe8 25. Qf5+ Ke7 26. Rg7 Rd8 1-0

[Event "HUN-chT2 Breyer 0203"]
[Site "Hungary"]
[Date "2003.04.06"]
[Round "10"]
[White "Oze, Krisztian"]
[Black "Geszler, Tamas"]
[Result "1-0"]
[WhiteElo "2074"]
[BlackElo "1950"]
[PlyCount "97"]
[EventDate "2002.09.22"]
[EventType "team"]
[EventRounds "11"]
[EventCountry "HUN"]
[SourceTitle "EXT 2009"]
[Source "ChessBase"]
[SourceDate "2008.11.26"]
[SourceVersion "1"]
[SourceVersionDate "2008.11.26"]
[SourceQuality "1"]

1. c4 Nf6 2. d4 d6 3. Nf3 g6 4. g3 Bg7 5. Bg2 0-0 6. Nc3 Nbd7 7. 0-0 Nb6 8. Qb3 c6 9. Rd1 d5 10. cxd5 cxd5 11. Ne5 e6 12. e4 Nxe4 13. Nxe4 dxe4 14. Bxe4 Nd5 15. Bg2 Qb6 16. Qc2 Qc7 17. Qe2 Bd7 18. Bd2 Bc6 19. Rac1 Ne7 20. Bf4 Qb6 21. Be3 Nd5 22. Bxd5 exd5 23. Nxc6 bxc6 24. Rc5 Rfe8 25. Qc2 Re6 26. Rc1 Rc8 27. Rxd5 Qb4 28. Rd7 Rd6 29. a3 Qb8 30. Bf4 Bf8 31. Qc4 Rxd7 32. Bxb8 Rxb8 33. b4 Rbd8 34. Rd1 Bg7 35. Kg2 Bxd4 36. Qxc6 Rd6 37. Qc4 Kg7 38. b5 Bb6 39. Rxd6 Rxd6 40. a4 Rf6 41. f3 Ba5 42. Qd4 Bb6 43. Qe5 Bd8 44. h4 h5 45. g4 hxg4 46. fxg4 Kh7 47. Qd4 Be7 48. Qxa7 Re6 49. Qf2 1-0

[Event "HUN-chT2 Breyer 0203"]
[Site "Hungary"]
[Date "2003.03.23"]
[Round "9"]
[White "Geszler, Tamas"]
[Black "Pali, Gabor"]
[Result "0-1"]
[WhiteElo "1950"]
[BlackElo "2033"]
[PlyCount "86"]
[EventDate "2002.09.22"]
[EventType "team"]
[EventRounds "11"]
[EventCountry "HUN"]
[SourceTitle "EXT 2009"]
[Source "ChessBase"]
[SourceDate "2008.11.26"]
[SourceVersion "1"]
[SourceVersionDate "2008.11.26"]
[SourceQuality "1"]

1. e4 e6 2. d4 d5 3. e5 c5 4. c3 Nc6 5. Nf3 cxd4 6. cxd4 Qb6 7. Nc3 Nge7 8. Bd3 Bd7 9. Na4 Qa5+ 10. Nc3 Nb4 11. Bb1 Rc8 12. 0-0 Ng6 13. Ng5 Be7 14. Qf3 Bxg5 15. Bxg5 Nc6 16. Bxg6 hxg6 17. Qd3 a6 18. Rfd1 Qb4 19. a3 Qxb2 20. Na4 Qb5 21. Qxb5 axb5 22. Nb6 Rb8 23. Rab1 Na7 24. Rdc1 Bc6 25. Bd2 Rh4 26. Bc3 Nc8 27. Nxc8 Rxc8 28. f3 Ra8 29. g3 Rh8 30. Bb4 Kd7 31. f4 Rhc8 32. Rc3 f6 33. Rf1 Ke8 34. Kg2 Bd7 35. Rfc1 Rc4 36. h4 Rxd4 37. Rc7 Rc4 38. R1xc4 dxc4 39. Rc5 Bc6+ 40. Kf2 f5 41. Ke3 Kd7 42. Kd4 b6 43. Rxc6 Kxc6 0-1

[Event "HUN-chT2 Breyer 0203"]
[Site "Hungary"]
[Date "2003.03.02"]
[Round "8"]
[White "Geszler, Tamas"]
[Black "Mako, Zoltan"]
[Result "0-1"]
[WhiteElo "1950"]
[BlackElo "2015"]
[PlyCount "70"]
[EventDate "2002.09.22"]
[EventType "team"]
[EventRounds "11"]
[EventCountry "HUN"]
[SourceTitle "EXT 2009"]
[Source "ChessBase"]
[SourceDate "2008.11.26"]
[SourceVersion "1"]
[SourceVersionDate "2008.11.26"]
[SourceQuality "1"]

1. e4 d6 2. d4 Nf6 3. Nc3 g6 4. f4 Bg7 5. Nf3 0-0 6. Be3 Nbd7 7. Bc4 Ng4 8. Bd2 c5 9. d5 a6 10. a4 Nb6 11. Be2 f5 12. Ng5 Bd4 13. Bxg4 fxg4 14. Qe2 a5 15. Nd1 Qe8 16. Ra2 Bd7 17. Ne6 Bxe6 18. dxe6 Qc6 19. c4 Rf6 20. f5 gxf5 21. exf5 Kh8 22. Rf1 Raf8 23. Bh6 Rxh6 24. g3 d5 25. Ne3 Bxe3 26. Qxe3 Rhf6 27. cxd5 Qxd5 28. b3 Rxf5 29. Raf2 Rxf2 30. Rxf2 Rxf2 31. Kxf2 Qd4 32. Qxd4+ cxd4 33. Ke2 Kg7 34. Kd3 Kf6 35. Kxd4 Kxe6 0-1